00301pam a2200097a 44500008004100000041000800041100002200049245004400071260008000115300000800195230405s2009 xxu||||| |||| 00| 0 eng d aENG aHogg Makean craig aintroduction to mathematical statistics abPearson education in south asia 11 community center panchsheel parkc2009 a718